000 00532nam a2200217Ia 4500
003 OSt
005 20220928141733.0
006 a|||||r|||| 00| 0
007 ta
008 220927b |||||||| |||| 00| 0 eng d
024 _a17323
037 _cTextual
040 _aSDCL
_cSDCL
_beng
041 _2eng
_aeng
082 _aO-,1N07:g, K3;1
100 _aSpears Monroe K
245 0 _aPoetry of W H Auden.
260 _c1963
942 _hO-,1N07:g, K3;1
_cTEXL
_2CC
999 _c819644
_d819644